Использование бурового шлама для частичной замены цемента в бетонной смеси; Современные технологии, экономика и образование

Podrobná bibliografie
Parent link:Современные технологии, экономика и образование.— 2020.— [С. 91-92]
Hlavní autor: Галеев В. Р.
Korporativní autor: Национальный исследовательский Томский политехнический университет Инженерная школа новых производственных технологий Научно-образовательный центр Н. М. Кижнера
Další autoři: Казьмина О. В. Ольга Викторовна
Shrnutí:Заглавие с титульного экрана
Increasing the need of energy and its high price tempts companies to drill more oil wells every day and create more drilling waste. Most of these drilling wastes are managed to be disposed but they will always have many environmental impacts. Therefore, this study investigates the potential of using drill cuttings in concrete as a partial replacement of cement.
Jazyk:ruština
Vydáno: 2020
Témata:
On-line přístup:http://earchive.tpu.ru/handle/11683/64648
Médium: MixedMaterials Elektronický zdroj Kapitola
KOHA link:https://koha.lib.tpu.ru/cgi-bin/koha/opac-detail.pl?biblionumber=632614

MARC

LEADER 00000naa2a2200000 4500
001 632614
005 20231223163222.0
035 |a (RuTPU)RU\TPU\conf\34335 
035 |a RU\TPU\conf\34330 
090 |a 632614 
100 |a 20210226d2020 k y0rusy50 ca 
101 0 |a rus 
102 |a RU 
105 |a y z 101zy 
135 |a drgn ---uucaa 
181 0 |a i  
182 0 |a b 
200 1 |a Использование бурового шлама для частичной замены цемента в бетонной смеси  |d Use of drill sludge for partial replacement of cement in concrete mix  |f В. Р. Галеев, О. В. Казьмина 
203 |a Текст  |c электронный 
300 |a Заглавие с титульного экрана 
320 |a [Библиогр.: с. 92 (2 назв.)] 
330 |a Increasing the need of energy and its high price tempts companies to drill more oil wells every day and create more drilling waste. Most of these drilling wastes are managed to be disposed but they will always have many environmental impacts. Therefore, this study investigates the potential of using drill cuttings in concrete as a partial replacement of cement. 
463 1 |0 (RuTPU)RU\TPU\conf\34302  |t Современные технологии, экономика и образование  |o сборник материалов II Всероссийской научно-методической конференции, г. Томск, 2-4 сентября 2020 г.  |f Национальный исследовательский Томский политехнический университет ; под ред. А. Г. Фефеловой, Е. А. Покровской, И. О. Болотиной [и др.]  |v [С. 91-92]  |d 2020 
510 1 |a Use of drill sludge for partial replacement of cement in concrete mix  |z eng 
610 1 |a электронный ресурс 
610 1 |a труды учёных ТПУ 
610 1 |a буровые шламы 
610 1 |a замена 
610 1 |a цемент 
610 1 |a бетонные смеси 
610 1 |a отходы 
610 1 |a бурение 
610 1 |a нефтяные скважины 
610 1 |a утилизация 
700 1 |a Галеев  |b В. Р. 
701 1 |a Казьмина  |b О. В.  |c химик-технолог  |c профессор Томского политехнического университета, доктор технических наук  |f 1967-  |g Ольга Викторовна  |3 (RuTPU)RU\TPU\pers\26196  |9 12004 
712 0 2 |a Национальный исследовательский Томский политехнический университет  |b Инженерная школа новых производственных технологий  |b Научно-образовательный центр Н. М. Кижнера  |3 (RuTPU)RU\TPU\col\23556 
801 2 |a RU  |b 63413507  |c 20210305  |g RCR 
856 4 |u http://earchive.tpu.ru/handle/11683/64648 
942 |c BK